000
00233nam a2200097Ia 4500
001
707797
005
20250826162515.0
008
250824s9999 xx 000 0 und d
245
0
_a
FERMAN
_c
ÖMER SEYFETTİN
260
_b
AKÇAĞ YAYINLARI
999
_c
707797
_d
707797